00519 2200205 4500001002100000005001500021035002500036008004100061041000800102082000800110090000800118100001800126245003500144250001600179300004000195650001000235084001400245260004500259990000900304INLIS00000000000146220241107103942 a0010-051300000001462241107 0 ind  aind a813 aFik aBastian, Tito1 aMuka Tanah Liat (Wiro Sableng) aCetakan : 1 a128 hlm. :bIlustrasi ;c12 x 17 cm 4aFiksi a813 BAS m aYogyakarta :bPT. Gramedia Pustaka Utama a2875